| 000 | 01697nam a2200373 a 4500 | ||
|---|---|---|---|
| 999 |
_c10467 _d10467 |
||
| 003 | BLK | ||
| 005 | 20241025005437.0 | ||
| 008 | 180412b bul|||||r ||||||| ||bul|| | ||
| 010 | _aKNG00011955000 | ||
| 040 | _aBLK | ||
| 041 |
_aBUL _cBUL |
||
| 080 |
_aБългарска литература _b821.163.2 _x(092) _z821.163.2(092) |
||
| 080 |
_aБългарски писател _b929 Йовков, Йордан Стефанов _z929 Йовков, Йордан Стефанов |
||
| 100 | 1 |
_aВелчев, Велчо Петров _eпърви автор _9255573 |
|
| 139 |
_aВелчев, Велчо Петров _bИ 77 |
||
| 245 | 1 | 0 |
_aСвят на героика и красота _bСтаропланински легенди на Йордан Йовков : Изследвани _cВелчо Петров Велчев. |
| 257 | _aBGR | ||
| 260 |
_aСофия _bУнив. изд. Св. Климент Охридски _c1992 _fВ. Търново : Абагар |
||
| 300 |
_a119 с. _c21 см |
||
| 380 | _a82 | ||
| 500 | _aБиблиогр. с. 117. | ||
| 504 | _a117 | ||
| 600 | 0 |
_aЙовков, Йордан Стефанов _d1880-1937 _gПисател класик - белетрист, драматург, майстор на късия разказ _9363298 |
|
| 650 | 0 |
_aПисатели, български _9241944 |
|
| 650 | 4 |
_aПедагогика - учебници _9165956 |
|
| 653 | _aбългарски писатели | ||
| 653 | _aЙордан Йовков | ||
| 852 |
_aЦб 170744 _bЦб |
||
| 856 | 4 |
_qpdf _u _i0.00 _ldisable |
|
| 856 | 4 |
_qpdf _u _i0.00 _ldisable |
|
| 942 |
_cKNG _n0 _s1 |
||
| 944 |
_aED _c15.06.2010 _k _lCRON CRON |
||
| 999 | _d10467 | ||